Rubber seed processing industry in India. Pt II. (Record no. 47404)

MARC details
000 -LEADER
fixed length control field 01050nam a2200145Ia 4500
100 ## - MAIN ENTRY--AUTHOR NAME
Personal name Veeraputhran S
245 #0 - TITLE STATEMENT
Title Rubber seed processing industry in India. Pt II.
520 ## - SUMMARY, ETC.
Summary, etc The cost of processing of rubber seed oil and cake in India is estimated using `split-off point' approach on the basis of the information collected from the processing units in the main processing centre of Virudhunagar district in Tamil Nadu. The properties of rubber seed oil and cake are explained along with hitherto reported commercial uses. In India Rubber seed oil is entirely consumed in the low quality soap manufacturing industry. Rubber seed cake is purchased mainly by the cattle rearers around the processing centres for direct feeding. The marketing of rubber seed oil and cake is explained along with a comparative analysis of the prices of comparable oils and cakes.
650 ## - SUBJECT ADDED ENTRY--TOPICAL TERM
Topical Term India
650 ## - SUBJECT ADDED ENTRY--TOPICAL TERM
Topical Term Industrial application
650 ## - SUBJECT ADDED ENTRY--TOPICAL TERM
Topical Term Rubber seed processing
700 ## - ADDED ENTRY--PERSONAL NAME
Personal name Joseph Toms
942 ## - ADDED ENTRY ELEMENTS (KOHA)
Koha item type Bibliography RLSE
Holdings
Withdrawn status Lost status Damaged status Not for loan Home library Current library Date acquired Koha item type
      Bibliography RRII Library RRII Library 31/12/2021 Bibliography RLSE